Vista normal
Vista MARC
Entrada Nombre corporativo
Número de registros utilizados en: 1
001 - NÚMERO DE CONTROL
- campo de control: 37311
003 - IDENTIFICADOR DE NÚMERO DE CONTROL
- campo de control: OSt
005 - FECHA Y HORA DE LA ÚLTIMA TRANSACCIÓN
- campo de control: 20221005161741.0
008 - ELEMENTOS DE DATO DE LONGITUD-FIJA
- campo de control de longitud fija: 221005|| aca||aabn | a|a d
040 ## - FUENTE DE CATALOGACIÓN
- Centro catalogador/agencia de origen: OSt
- Centro/agencia transcriptor: OSt
110 ## - ENCABEZAMIENTO-NOMBRE DE ENTIDAD CORPORATIVA
- Nombre de entidad corporativa o nombre de jurisdicción como elemento de entrada: CCOO.
- Unidad subordinada: Unión Regional de Murcia
- Sede del congreso/Lugar de la reunión: Congreso
- Número del congreso/reunión o número de parte o sección: 4º
- Fecha del congreso o de la firma del tratado: 1987
- Sede del congreso/Lugar de la reunión: Murcia
670 ## - FUENTE DE DATOS ENCONTRADOS
- Cita de la fuente: Work cat.: (OSt)56160: CCOO. Unión Regional de Murcia Congreso 4º 1987 Murcia, IV Congreso CC.OO. Región Murciana :, 1988]